000 00699nam a2200241 a 4500
001 BRCA_8228
005 20190320210202.0
008 220514m1955----au-a###f##---#001-0#ger-#
041 _ager
044 _aau
050 4 _aN1677
_b.K86 1955
245 1 0 _aMeisterwerke
_cKunsthistorisches Museum
260 _aViena
_bKunsthistorisches Museum
_c1955
300 _axxvi p.
_bil., 280 láminas
_c21 cm.
440 0 _aFuhrer durch das Kunsthistorisches Museum
_v1
_920520
500 _aEn cubierta: Kunsthistorisches Museum Wien
500 _aVer también B272
500 _aT28a
650 1 4 _aArte
_zViena
_920521
650 1 4 _aGalerías y museos
_zAustria
_97952
902 _aGFM
942 _2lcc
_cB
999 _c7896
_d7896